000
00351nam a2200145 a 4500
005
20140414093837.0
008
021220s19uu xx 00 eng d
050
_a
CD 793
_b
Mar 2002
245
_a
Marigold presents... remixed
260
_a
[S.l.]
_b
Marigold
_c
c2002
650
_a
World hits.
650
_a
Disco.
942
_c
AVM
999
_c
109092
_d
109092